000 00515nam a2200169 i 4500
001 34859
003 ES-MaACL
005 20230906155018.0
007 t|
008 030211s1972 sp ||||1| spa d
100 1 _aBoros, Ladislao.
_930538
245 1 3 _aEl Dios desconocido y presente /
_cLadislao Boros ; [traducción por José Luis Albizu].
260 _a[Madrid] :
_bEdiciones Paulinas,
_c[1972]
300 _a326 p. ;
_c19 cm.
700 1 _aAlbizu, José Luis.
_919396
852 _aES-MaACL
_jC-53227
_bR.84370
999 _c34859
_d34859